LIBRARY & INFORMATION CENTRE, KCAET, TAVANUR

ONLINE PUBLIC ACCESS CATALOGUE (OPAC)

Irrigation practice and design, Vol 2 / (Record no. 2868)

MARC details
000 -LEADER
fixed length control field 00552cam a2200205ua 4500
020 ## - INTERNATIONAL STANDARD BOOK NUMBER
ISBN 81 204 0110 7
041 ## - LANGUAGE CODE
Language code of text/sound track or separate title eng
082 ## - DEWEY DECIMAL CLASSIFICATION NUMBER
Classification number 631.587
Item number KHU/IR
100 ## - MAIN ENTRY--AUTHOR NAME
Personal name Khushalani , K B .
245 ## - TITLE STATEMENT
Title Irrigation practice and design, Vol 2 /
260 ## - PUBLICATION, DISTRIBUTION, ETC. (IMPRINT)
Place of publication New Delhi :
Name of publisher Oxford & IBH Publishing company ,
Year of publication 1986.
300 ## - PHYSICAL DESCRIPTION
Number of Pages 339 ; .
700 1# - ADDED ENTRY--PERSONAL NAME
Personal name Manohar , Khushalani .
942 ## - ADDED ENTRY ELEMENTS (KOHA)
Koha item type Books
Holdings
Withdrawn status Lost status Damaged status Home library Current library Date acquired Full call number Accession Number Koha item type
      KAUAET KAUAET 20/08/1986 631.587 15404 Books
      KAUAET KAUAET 07/04/2012 631.587 16998 Books
      KAUAET KAUAET 16/11/2021 631.587 KHU/IR 18610 Books
free website counter